000 00298nam a22001337a 4500
003 OSt
005 20260217143759.0
008 241231b |||||||| |||| 00| 0 eng d
041 _aeng
082 _a621.384
_bBEG
100 _aNewyork, RP
_96657
245 _aBeginners Radio dictionary
942 _cBK
999 _c18795
_d18795